00312cam a22000977a 4500008004100000082001600041100003100057245006700088260004900155300001000204180718b1961. xxu||||| |||| 00| 0 eng d aX24x54 In2s aCommittee on Plan Projects aScheme of cost reductioncby Committee on Plan Projects, India aNew DelhibCommittee on Plan Projectsc1961. a44+p.